02276cam a2200361 i 450000100090000000300090000900500170001800800410003502000260007602000230010204000390012508200170016410000450018124501240022624600310035025000210038126400430040226400100044530000460045533600260050133700280052733800270055550400510058250509110063365000370154465100100158165300250159165500210161694200120163799900170164995201240166695201240179017449422EG-ScBUE20250817094935.0120831t2013 njua f b 001 0 eng d a9780470462591 (cloth) a0470462590 (cloth) aDLCbenge rdacDLCdDLCdEG-ScBUE04a547222bSMI1 aSmith, Michael Berry‏,eauthor.94135310aMarch's advanced organic chemistry :breactions, mechanisms, and structure /cMichael B. Smith, professor of chemistry.30aAdvanced organic chemistry aSeventh edition. 1aHoboken, New Jersey : bWiley,c[2013] 4cc2013 axxv, 2047 pages :billustrations ;c26 cm 2rdacontentatextbtxt aunmediated2rdamediabn avolumebnc2rdacarrier aIncludes bibliographical references and index.0 aLocalized chemical bonding -- Delocalized chemical bonding -- Bonding weaker than covalent -- Stereochemistry and conformation -- Carbocations, carbanions, free radicals, carbenes, and nitrenes -- Mechanisms and methods of determining them -- Irradiation processes in organic chemistry -- Acids and bases -- Effects of structure and medium on reactivity -- Aliphatic substitution, nucleophilic and organometallic -- Aromatic substitution, electrophilic -- Aliphatic, alkenyl, and alkynyl substitution, electrophilic and organometallic -- Aromatic substitution, nucleophilic and organometallic -- Substitution reactions, radical -- Addition to carbon-carbon multiple bonds -- Addition to carbon-hetero multiple bonds -- Eliminations -- Rearrangements -- Oxidations and reductions -- Appendix A. The literature of organic chemistry -- Appendix B. Classification of reactions by type of compounds synthesized. 7aChemistry, Organic.2BUEsh96234 2BUEsh bENGCHEcDecember2016 vText book933728 2ddccBB c23546d23518 00102ddc40708BaccahaMAINbMAINc1STd2016-12-12ePurchaseg1550.00l0o547 SMIp000045257r2025-07-15 00:00:00yNB 00102ddc40708BaccahaMAINbMAINc1STd2016-12-12ePurchaseg1550.00l0o547 SMIp000045258r2025-07-15 00:00:00yBB